|
|
|
|
| LEADER |
00000nab a2200000 a 4500 |
| 001 |
vtls000163672 |
| 003 |
SK-MaSNL |
| 005 |
20260303211735.0 |
| 008 |
150501c1983 xo 0 slo |
| 015 |
|
|
|a SNBRB19rr/mm-uuuuu
|
| 035 |
|
|
|a CL0173783
|
| 040 |
|
|
|a SNKBUCL
|b slo
|c SNKBUCL
|e AACR2
|
| 041 |
0 |
|
|a slo
|
| 044 |
|
|
|a xo
|c SK
|
| 080 |
|
|
|a 7.096
|2 1981
|
| 100 |
1 |
|
|a JB
|4 aut
|9 865469
|
| 245 |
1 |
0 |
|a Hra s výrobnou tematikou
|c JB ; Werner Gewand
|
| 610 |
2 |
7 |
|a Československý rozhlas.
|b Štúdio Banská Bystrica
|2 snkbucl
|9 232356
|
| 650 |
0 |
7 |
|a Gewande, Werner
|2 snkbucl
|9 1074188
|
| 651 |
|
7 |
|a 5301
|2 snkbucl
|9 893756
|
| 655 |
|
7 |
|a články z novín a časopisov
|2 snkbucl
|9 267496
|
| 773 |
0 |
|
|t Práca
|g Roč. 38, č. 247 (19. 10. 1983), s. 6
|
| 850 |
|
|
|a Slovenská národná knižnica v Martine
|a MTA001
|
| 852 |
|
|
|a SNK
|b KIS3GCP
|
| 958 |
|
|
|a RK
|
| 958 |
|
|
|a DE
|
| 992 |
|
|
|a RBX
|
| 999 |
|
|
|c 2203971
|d 2205901
|